000 00284nam a2200121Ia 4500
008 220204s9999 xx 000 0 und d
082 _a635.82
_bTRI
245 0 _aMushrooms in the world.
260 _aLondon
_bOrbis
_c1977
650 _aMushrooms
700 _aTRIBE, Ian
942 _cBK
999 _c27103
_d27103